Представление документа в формате MARC21

Поле Инд. ПП Название Значение
Тип записи a
Библиографический уровень m
001 Контрольный номер 70a4aeaf08ea4233ada1b538667ca291
005 Дата корректировки 20260629103250.1
020 a ISBN 978-5-4316-1354-8
080 a Индекс УДК 519.6(075.8)
080 a Индекс УДК 517.9(075.8)
090 a Полочн. индекс 519(075)
x Авторский знак С 28
100 1_ a Автор Северина Н.С.
q Полное имя Северина Наталья Сергеевна
245 10 a Заглавие Численные методы и алгоритмы. Приближение функций и обыкновенные дифференциальные уравнения
b Продолж. заглавия учебное пособие
c Ответственность МАИ (нац. исслед. ун-т)
260 a Место издания Москва
b Издательство МАИ
c Дата издания 2026
300 a Объем 103, [1] с.
b Иллюстрации/ тип воспроизводства ил., табл.
440 _0 a Серия Учебное пособие
504 a Библиография Библиогр.: с.102 (12 назв.)
650 04 a Основная рубрика Численные методы
v Типовое деление учебники и пособия
650 04 a Основная рубрика Дифференциальные уравнения
v Типовое деление учебники и пособия
653 0_ a Ключевые слова АВТОР МАИ; ВЫЧИСЛИТЕЛЬНАЯ МАТЕМАТИКА; ЧИСЛЕННЫЕ МЕТОДЫ; ДИФФЕРЕНЦИАЛЬНЫЕ УРАВНЕНИЯ; ИНТЕРПОЛЯЦИЯ
700 12 a Другие авторы Сластушенский Ю.В.
q Полное имя Сластушенский Юрий Викторович
901 t Тип документа m
952 a Тип литературы для КСУ ВШ БУпР
c Вид литературы учебное пособие
e Дисциплина Численные методы
h Направление Прикладная математика и информатика